Music Quiz

Random Music or Song Quiz

Three Days Grace Singles Quiz Stats

 Plays Quiz not verified by Sporcle

Challenge
Share
Tweet
Embed
Score 0/11 Timer 03:00
0 Plays Today
Song % Correct
Pain
87.4%
Animal I Have Become
85.1%
I Hate Everything About You
82.8%
Never Too Late
81.6%
Riot
78.2%
Break
71.3%
Just Like You
70.1%
Home
65.5%
The Good Life
62.1%
World So Cold
60.9%
Lost In You
46%

You're not logged in!

Compare scores with friends on all Sporcle quizzes.
OR
Log In

You Might Also Like...

Show Comments

Extras

Top Quizzes Today


Score Distribution

Your Account Isn't Verified!

In order to create a playlist on Sporcle, you need to verify the email address you used during registration. Go to your Sporcle Settings to finish the process.

Report this User

Report this user for behavior that violates our Community Guidelines.

Details: